[Event "Novo Mesto op"]
[Site "Novo Mesto"]
[Date "2014.11.02"]
[Round "5"]
[White "Rifelj, Luka"]
[Black "Gasparac, Gregor"]
[Result "1-0"]
[WhiteElo "1903"]
[BlackElo "1692"]
[PlyCount "65"]
[EventDate "2014.10.31"]
[EventType "swiss"]
[EventRounds "9"]
[EventCountry "SLO"]
[SourceTitle "EXT 2019"]
[Source "ChessBase"]
[SourceDate "2018.10.10"]
[SourceVersion "1"]
[SourceVersionDate "2018.10.10"]
[SourceQuality "1"]

1. d4 Nf6 2. c4 g6 3. Nc3 Bg7 4. e4 d6 5. Nf3 0-0 6. Be2 e5 7. 0-0 Nc6 8. Be3 exd4 9. Nxd4 Nxd4 10. Bxd4 Re8 11. f3 Nh5 12. f4 Nf6 13. Bf3 Be6 14. b3 c6 15. Rc1 Qe7 16. g4 Qc7 17. f5 Bc8 18. g5 Nd7 19. Bxg7 Kxg7 20. Qd4+ f6 21. gxf6+ Nxf6 22. fxg6 hxg6 23. Rcd1 Bh3 24. Bg2 Bxg2 25. Qxf6+ Kg8 26. Qxg6+ Kh8 27. Qh6+ Kg8 28. Kxg2 Re7 29. Rd3 Rg7+ 30. Rg3 Rxg3+ 31. hxg3 Qa5 32. Qg6+ Kh8 33. Rh1+ 1-0